En la aurora (1942-1944 / (Registro nro. 7218)

Detalles MARC
000 -LIDER
fixed length control field 00761nam a2200265 u 4500
001 - NÚMERO DE CONTROL
Identificador de número de control 000020577
003 - IDENTIFICACDOR DE NÚMERO DE CONTROL
control field DO-SdBNP
005 - DATE AND TIME OF LATEST TRANSACTION
control field 20170925142440.0
007 - CAMPOS FIJOS DE DESCRIPCIÓN FÍSICA
fixed length control field 000020577
008 - ELEMENTOS DE LONGITUD FIJA
fixed length control field 100810s1986 dr r 000 p spa d
040 ## - FUENTE DE CATALOGACIÓN
Agencia que crea de manera original el registro BPMSU
Idioma de catalogación spa
Agencia que realiza la transcripción BPMSU
082 #4 - NÚMERO DE CLASIFICACIÓN DECIMAL DE DEWEY
Classification number RD861.44
Item number F363e
100 1# - ASIENTO PRINCIPAL -- NOMBRE PERSONAL
Nombre personal Fernández Spencer, Antonio,
Fechas asociadas con el nombre 1922-
245 13 - MENCIÓN DE TITULO
Título En la aurora (1942-1944 /
Mención de responsabilidad Antonio Fernández Spencer.
260 ## - PUBLICACIÓN, DISTRIBUCIÓN, ETC. (PIE DE IMPRENTA)
Lugar de publicación, distribución, etc Santo Domingo :
Nombre del editor, distribuidor, etc. Santo Domingo,
Fecha de publicación, distribución, etc 1986.
300 ## - DESCRIPCIÓN FÍSICA
Extensión 125 p. ;
Dimensiones 18 cm.
490 1# - MENCIÓN DE SERIES
Mención de serie Orfeo
500 ## - NOTA GENERAL
Nota general Incluye datos biográficos del autor
650 #4 - ENCABEZAMIENTO DE MATERIA--TEMÁTICO
Término temático o nombre geográfico como elemento de entrada POESÍA DOMINICANA
650 #4 - ENCABEZAMIENTO DE MATERIA--TEMÁTICO
Término temático o nombre geográfico como elemento de entrada LITERATURA DOMINICANA
830 #0 - ASIENTO SECUNDARIO DE SERIE--TÍTULO UNIFORME
Título uniforme Orfeo
942 ## - ADDED ENTRY ELEMENTS (KOHA)
Source of classification or shelving scheme Dewey Decimal Classification
Koha item type Libros
945 ## - INFORMACIÓN DE PROCESAMIENTO LOCAL
Información de procesamiento local Inventariado / 2017 VM
956 ## - LOCAL ELECTRONIC LOCATION AND ACCESS (OCLC)
Nombre de host VMATEO
Número de acceso 10
Información de compresión 20160804
Inicio de sesión BPMSU
Procesador de solicitud 0069
Existencias
Withdrawn status Lost status Source of classification or shelving scheme Damaged status Not for loan Collection code Home library Current library Date acquired Total Checkouts Full call number Barcode Date last seen Price effective from Koha item type Copy number
    Dewey Decimal Classification     Colección Dominicana Biblioteca Pública Metropolitana Salomé Ureña Biblioteca Pública Metropolitana Salomé Ureña 01/23/2015   RD861.44 F363e BPMSU15040722 01/23/2015 01/23/2015 Libros  
    Dewey Decimal Classification     Colección Dominicana Biblioteca Pública Metropolitana Salomé Ureña Biblioteca Pública Metropolitana Salomé Ureña 01/23/2015   RD861.44 F 363e BPMSU15040723 01/23/2015 01/23/2015 Libros e. 2
    Dewey Decimal Classification     Colección Dominicana Biblioteca Pública Metropolitana Salomé Ureña Biblioteca Pública Metropolitana Salomé Ureña 01/23/2015   RD861.44 F363e BPMSU15040724 01/23/2015 01/23/2015 Libros e. 3